Різдво-Коляда і Щедрий Вечір. (Запис № 17529)

000 -Маркер запису
Контрольне поле сталої довжини 01491nam a22002537a 4500
003 - Належність контрольного номера
Контрольне поле Uzh_bibl
008 - Кодовані дані
Контрольне поле сталої довжини 260427b |||||||| |||| 00| 0 ukr d
020 ## - Індекс ISBN
ISBN 5-333-01426-4
Ціна 70.00
040 ## - Джерело каталогіз.
Код мови каталог. укр.
041 ## - Код мови видання
Код мови оригіналу українська
Код мови тексту українська
080 ## - Індекс УДК
Індекс УДК 39
090 ## - Шифри
Поличний індекс 39
Авторський знак С 66
100 ## - Автор
Автор Сосенко, Ксенофонт
245 ## - Назва
Назва Різдво-Коляда і Щедрий Вечір.
Відповідальність Худ. оформлн. В. Ф. Яцун
Фізичний носій Текст
260 ## - Вихідні дані
Місце видання Київ
Видавництво Український письменник
Дата видання 1994
300 ## - Фізичний опис
Обсяг 286 с.
Ілл./тип відтвор. Іл.
Тип одиниці В опр.
520 ## - Анотація
Анотація Ця книга, написана видатним вченим-етнографом і церковним діячем Ксенофонтом Сосенком, видана вперше у Львові 1928 року і відтоді більше не перевидавалась. Матеріал, яким оперує автор, відкриваючи праглибини українського народознавства, викликає нині особливий інтерес у читачів.
521 ## - Примітка про цільове призначення
Примітка про цільове призначення Для широкого кола читачів
546 ## - Примітка про мову
Примітка про мову укр.
650 ## - Тематичні рубрики
Основна рубрика Літературно-художнє видання
653 ## - Ключові слова
Ключові слова Староукраїнське Різдво.
-- Символіка обрядів.
-- Колядкові перекази.
655 ## - Термін індексування — жанр/форма
Жанр/форма Народознавство
Типове ділення Культурологічна оповідь
942 ## - ADDED ENTRY ELEMENTS (KOHA)
Джерело класифікації чи схема поличного розташування
Koha item type Книги
Фонди
Статус вилучення Статус втрати/відсутності Джерело класифікації чи схема поличного розташування Статус пошкодження Тип обігу (не для випозичання) Постійне розташування Поточне розташування Розташування у відділі Дата надходження Інвентарний номер Total Checkouts Повний (примірниковий) шифр зберігання Штрих-код Date last seen Дата, для якої чинна ціна заміни Тип одиниці (рівень примірника)
          Бібліотека-філія № 1 для дітей Бібліотека-філія № 1 для дітей Читальна зала старший відділ 27/04/2026 46340   39 16618 27/04/2026 27/04/2026 Книги

Працює на АБІС Коха